[Event "Eurasia Cup op"]
[Site "Ekaterinburg"]
[Date "2019.08.07"]
[Round "7"]
[White "Beryozka, Polina"]
[Black "Bessarab, Vsevolod"]
[Result "1/2-1/2"]
[WhiteElo "1286"]
[BlackElo "1765"]
[PlyCount "49"]
[EventDate "2019.07.31"]
[EventType "swiss"]
[EventRounds "9"]
[EventCountry "RUS"]
[SourceTitle "CBM 191 Extra"]
[Source "ChessBase"]
[SourceDate "2019.09.30"]
[SourceVersion "1"]
[SourceVersionDate "2019.09.30"]
[SourceQuality "1"]

1. c4 Nf6 2. Nc3 e5 3. d3 d6 4. g3 Nbd7 5. Bg2 Be7 6. Nf3 c6 7. 0-0 h6 8. Rb1 Nf8 9. b4 g5 10. b5 Qc7 11. Nd2 Ng6 12. Nde4 Nxe4 13. Bxe4 f5 14. Bg2 h5 15. bxc6 bxc6 16. Nb5 Qd7 17. Nc3 Bf6 18. Qa4 Ne7 19. Bd2 Kf8 20. e3 h4 21. Qa3 Ng6 22. Qa4 Ne7 23. Qa3 Ng6 24. Qa4 Ne7 25. Qa3 1/2-1/2

[Event "Eurasia Cup op"]
[Site "Ekaterinburg"]
[Date "2019.08.02"]
[Round "3"]
[White "Monastyrenko, Nataliya"]
[Black "Bessarab, Vsevolod"]
[Result "0-1"]
[WhiteElo "1053"]
[BlackElo "1765"]
[PlyCount "70"]
[EventDate "2019.07.31"]
[EventType "swiss"]
[EventRounds "9"]
[EventCountry "RUS"]
[SourceTitle "CBM 191 Extra"]
[Source "ChessBase"]
[SourceDate "2019.09.30"]
[SourceVersion "1"]
[SourceVersionDate "2019.09.30"]
[SourceQuality "1"]

1. e4 e5 2. Nf3 Nc6 3. Nc3 Nf6 4. d4 exd4 5. Nxd4 Bb4 6. Nxc6 bxc6 7. Bd3 d6 8. 0-0 Ng4 9. Qf3 Ne5 10. Qg3 Qf6 11. Bg5 Qg6 12. Nd5 cxd5 13. exd5 Nxd3 14. cxd3 0-0 15. a3 Bc5 16. Be7 Qxg3 17. hxg3 Re8 18. Rae1 Bf5 19. Bg5 Bxd3 20. Rxe8+ Rxe8 21. Rc1 Re2 22. Be3 Rxe3 23. Kh2 Re2 24. b4 Bb6 25. Rc3 Be4 26. Rc4 Bxd5 27. Rc1 Rxf2 28. g4 Rxg2+ 29. Kh3 Ra2 30. Rc3 Be4 31. Kg3 g5 32. Kh3 Bg2+ 33. Kh2 d5 34. Kg3 Bd4 35. Rd3 Be5# 0-1

[Event "Sochi ChessAmateur op"]
[Site "Sochi"]
[Date "2018.04.07"]
[Round "9"]
[White "Bessarab, Vsevolod"]
[Black "Kiriushin, Vladimir"]
[Result "1/2-1/2"]
[WhiteElo "1755"]
[BlackElo "2094"]
[PlyCount "84"]
[EventDate "2018.04.01"]
[EventType "swiss"]
[EventRounds "9"]
[EventCountry "RUS"]
[SourceTitle "CBM 184 Extra"]
[Source "ChessBase"]
[SourceDate "2018.06.28"]
[SourceVersion "1"]
[SourceVersionDate "2018.06.28"]
[SourceQuality "1"]

1. e4 e5 2. Nf3 Nc6 3. Nc3 Nf6 4. d4 exd4 5. Nxd4 Bb4 6. Nxc6 bxc6 7. Bd3 d6 8. 0-0 Ng4 9. Bf4 Qf6 10. Qd2 h6 11. Rae1 Be6 12. a3 Ba5 13. Bg3 Rb8 14. b4 Bb6 15. Nd5 cxd5 16. exd5 0-0 17. dxe6 fxe6 18. Qe2 Ne5 19. Bxe5 Qxe5 20. Qxe5 dxe5 21. Rxe5 Rf6 22. Bc4 Re8 23. c3 Kf7 24. Re2 Rf4 25. Bb3 Kf6 26. Rd1 Re7 27. Rd3 c5 28. bxc5 Bxc5 29. g3 Rf5 30. a4 Re5 31. Rf3+ Rf5 32. Kg2 Rxf3 33. Kxf3 e5 34. Bd5 Rd7 35. Ke4 Rd6 36. f4 exf4 37. gxf4 Ra6 38. Ra2 Rb6 39. Bc4 Rb1 40. Re2 Bd6 41. Rd2 Re1+ 42. Kf3 Ke7 1/2-1/2

[Event "Sochi ChessAmateur op"]
[Site "Sochi"]
[Date "2018.04.06"]
[Round "8"]
[White "Zlachevskiy, Leonid"]
[Black "Bessarab, Vsevolod"]
[Result "1-0"]
[WhiteElo "2004"]
[BlackElo "1755"]
[PlyCount "83"]
[EventDate "2018.04.01"]
[EventType "swiss"]
[EventRounds "9"]
[EventCountry "RUS"]
[SourceTitle "CBM 184 Extra"]
[Source "ChessBase"]
[SourceDate "2018.06.28"]
[SourceVersion "1"]
[SourceVersionDate "2018.06.28"]
[SourceQuality "1"]

1. e4 e5 2. Nf3 Nc6 3. Bc4 Nf6 4. d3 Bc5 5. 0-0 a6 6. c3 d6 7. Bb3 h6 8. Nbd2 0-0 9. Nc4 Ba7 10. Qe2 Kh8 11. Be3 Qe7 12. Bxa7 Rxa7 13. Ne3 Qe8 14. Rfe1 Ne7 15. Nh4 Neg8 16. Nhf5 g6 17. Ng3 Kg7 18. f3 Bd7 19. Rad1 Ra8 20. d4 Rd8 21. Rd2 h5 22. Ngf1 Qe7 23. Qf2 Bc8 24. Red1 c6 25. Qg3 Rde8 26. dxe5 dxe5 27. Nc4 Nh6 28. Nfe3 Qc5 29. Qf2 Qe7 30. Nd6 Rd8 31. c4 c5 32. Nxc8 Rxc8 33. Nd5 Nxd5 34. Rxd5 Rc7 35. a4 Ng8 36. Qd2 Nf6 37. Rd3 Re8 38. a5 Rec8 39. Ba4 Kf8 40. Qh6+ Kg8 41. Rd6 Ne8 42. R6d5 1-0

[Event "Urals-ch 72nd"]
[Site "Tiumen"]
[Date "2014.03.23"]
[Round "4"]
[White "Bessarab, Vsevolod"]
[Black "Ocabera, Konstantin"]
[Result "1-0"]
[WhiteElo "1884"]
[BlackElo "1822"]
[PlyCount "69"]
[EventDate "2014.03.20"]
[EventType "swiss"]
[EventRounds "9"]
[EventCountry "RUS"]
[SourceTitle "CBM 159 Extra"]
[Source "ChessBase"]
[SourceDate "2014.04.24"]
[SourceVersion "1"]
[SourceVersionDate "2014.04.24"]
[SourceQuality "1"]

1. e4 e5 2. Nf3 Nf6 3. Bc4 Nxe4 4. Nc3 Nxc3 5. dxc3 f6 6. Nh4 g6 7. 0-0 Qe7 8. Kh1 c6 9. Qg4 f5 10. Nxf5 gxf5 11. Qh5+ Kd8 12. Bg5 d5 13. Bxe7+ Bxe7 14. Rad1 Be6 15. Qh6 Bd7 16. Be2 Rg8 17. Qxh7 Be6 18. Qh6 Kd7 19. c4 d4 20. f4 c5 21. fxe5 Nc6 22. c3 Rh8 23. Qe3 Kc7 24. cxd4 Nxd4 25. Rxd4 cxd4 26. Qxd4 b6 27. Qc3 a5 28. Bf3 Rad8 29. Bd5 Kd7 30. Qf3 Rhf8 31. Rd1 Bc5 32. Bxe6+ Kxe6 33. Rd5 Bd4 34. Rd6+ Ke7 35. Qb7+ 1-0

[Event "Urals-ch 72nd"]
[Site "Tiumen"]
[Date "2014.03.22"]
[Round "3"]
[White "Lipatov, Vladislav"]
[Black "Bessarab, Vsevolod"]
[Result "1-0"]
[WhiteElo "1912"]
[BlackElo "1884"]
[PlyCount "101"]
[EventDate "2014.03.20"]
[EventType "swiss"]
[EventRounds "9"]
[EventCountry "RUS"]
[SourceTitle "CBM 159 Extra"]
[Source "ChessBase"]
[SourceDate "2014.04.24"]
[SourceVersion "1"]
[SourceVersionDate "2014.04.24"]
[SourceQuality "1"]

1. e4 e5 2. Nf3 Nc6 3. Bb5 f5 4. d3 fxe4 5. dxe4 Nf6 6. 0-0 d6 7. Nc3 Be7 8. Qd3 0-0 9. Bxc6 bxc6 10. Qc4+ Kh8 11. Qxc6 Bg4 12. Ne1 Nh5 13. f3 Bd7 14. Qc4 Rb8 15. Qe2 Bg5 16. Nd3 Be6 17. b3 Bxc1 18. Raxc1 Qg5 19. Nd5 Rf7 20. c4 Rbf8 21. c5 Bc8 22. cxd6 cxd6 23. Rc7 Ba6 24. Rxf7 Rxf7 25. Qc2 h6 26. Rf2 Bxd3 27. Qxd3 Qc1+ 28. Rf1 Qc5+ 29. Qe3 Qa5 30. Qc1 Nf4 31. Qc8+ Kh7 32. Qc2 Ne6 33. Qc8 Qc5+ 34. Qxc5 Nxc5 35. b4 Ne6 36. Rc1 Nd4 37. Kf2 Rb7 38. a4 Kg8 39. b5 Kf7 40. Ke3 Ke8 41. g3 Kd7 42. f4 Nb3 43. Rb1 Nd4 44. f5 Rb8 45. Rc1 Rc8 46. b6 Rxc1 47. bxa7 Rc8 48. Nb6+ Kc7 49. Nxc8 Kb7 50. Nxd6+ Kxa7 51. Ne8 1-0

[Event "Khanty-Mansiysk Governor Cup 6th"]
[Site "Khanty-Mansiysk"]
[Date "2010.09.26"]
[Round "10"]
[White "Drogovoz, Irina"]
[Black "Bessarab, Vsevolod"]
[Result "0-1"]
[WhiteElo "1800"]
[BlackElo "1952"]
[PlyCount "74"]
[EventDate "2010.09.17"]
[EventType "swiss"]
[EventRounds "10"]
[EventCountry "RUS"]
[SourceTitle "CBM 138 Extra"]
[Source "ChessBase"]
[SourceDate "2010.10.29"]
[SourceVersion "1"]
[SourceVersionDate "2010.10.29"]
[SourceQuality "1"]

1. e4 e5 2. Nf3 Nc6 3. Nc3 Nf6 4. Bb5 Bb4 5. d3 Bxc3+ 6. bxc3 d6 7. 0-0 0-0 8. Bg5 Qe7 9. Re1 Nd8 10. d4 c6 11. Bf1 Ne6 12. Bc1 Rd8 13. g3 Nf8 14. Ba3 Qc7 15. Bg2 Ng6 16. h3 Be6 17. Qe2 b5 18. Nd2 Qa5 19. Bb2 Qa4 20. Nb3 Nd7 21. d5 cxd5 22. exd5 Bf5 23. Qd2 Nb6 24. Qc1 Nc4 25. Bf1 Rac8 26. g4 Bd7 27. Nd2 Nh4 28. Bxc4 Rxc4 29. Nxc4 Nf3+ 30. Kh1 Qxc4 31. Rd1 Bxg4 32. Qe3 Bf5 33. Kg2 Be4 34. Rac1 f5 35. Qxa7 f4 36. Qa5 Rf8 37. Qb4 Qe2 0-1

[Event "Moscow op-B"]
[Site "Moscow"]
[Date "2009.02.06"]
[Round "7"]
[White "Galstyan, Hayk"]
[Black "Bessarab, Vsevolod"]
[Result "0-1"]
[WhiteElo "1400"]
[BlackElo "1990"]
[PlyCount "72"]
[EventDate "2009.01.31"]
[EventType "swiss"]
[EventRounds "9"]
[EventCountry "RUS"]
[SourceTitle "EXT 2012"]
[Source "ChessBase"]
[SourceDate "2011.11.24"]
[SourceVersion "1"]
[SourceVersionDate "2011.11.24"]
[SourceQuality "1"]

1. e4 e5 2. Nf3 Nc6 3. Bc4 Nf6 4. 0-0 Nxe4 5. d4 exd4 6. Re1 d5 7. Bb5 Bc5 8. Ng5 0-0 9. Nxe4 dxe4 10. Rxe4 Re8 11. Rxe8+ Qxe8 12. Bf4 Bb6 13. Na3 a6 14. Bd3 Be6 15. Qh5 g6 16. Qh4 Qe7 17. Bg5 Qd7 18. Bf6 Bc5 19. Nc4 Bxc4 20. Bxc4 Re8 21. Rd1 Be7 22. g3 Bxf6 23. Qxf6 Qe7 24. Qf4 Rd8 25. h4 Rd6 26. Bb3 Rf6 27. Qg4 h5 28. Qc8+ Kg7 29. Qxb7 Qe2 30. Rf1 Ne5 31. f4 c6 32. Rf2 Qe3 33. Qxa6 Qxg3+ 34. Kf1 d3 35. cxd3 Nxd3 36. Rd2 Rxf4+ 0-1

[Event "Moscow op-B"]
[Site "Moscow"]
[Date "2009.02.04"]
[Round "5"]
[White "Bessarab, Vsevolod"]
[Black "Khitrov, Denis"]
[Result "0-1"]
[WhiteElo "1990"]
[BlackElo "1400"]
[PlyCount "60"]
[EventDate "2009.01.31"]
[EventType "swiss"]
[EventRounds "9"]
[EventCountry "RUS"]
[SourceTitle "EXT 2012"]
[Source "ChessBase"]
[SourceDate "2011.11.24"]
[SourceVersion "1"]
[SourceVersionDate "2011.11.24"]
[SourceQuality "1"]

1. e4 e6 2. d4 d5 3. Nc3 Nf6 4. Bg5 dxe4 5. Nxe4 Be7 6. Bxf6 Bxf6 7. Nf3 0-0 8. Nxf6+ Qxf6 9. Bd3 Nc6 10. 0-0 g6 11. c3 Bd7 12. Re1 Rad8 13. Qe2 Bc8 14. Be4 Ne7 15. Rad1 Nf5 16. Ne5 Nd6 17. Bf3 Qg7 18. g3 f6 19. Nd3 b6 20. Nf4 Rde8 21. Bc6 Re7 22. d5 e5 23. Ne6 Bxe6 24. dxe6 Kh8 25. Bd5 h5 26. h4 Qh6 27. Qd2 Kh7 28. Bb3 g5 29. hxg5 Qxg5 30. Kg2 Rh8 0-1